Largest Non-Largest Cities of the Same Name in the US - Statistics

General Stats
  • This quiz has been taken 45 times
  • The average score is 8 of 20
Answer Stats
City State Population State Population % Correct
Springfield Massachusetts 155,929 Missouri 169,176
95%
Springfield Illinois 114,394 Missouri 169,176
95%
Columbia Missouri 126,254 South Carolina 136,632
68%
Columbia Maryland 104,681 South Carolina 136,632
68%
Columbus Georgia 206,922 Ohio 905,748
65%
Kansas City Kansas 156,607 Missouri 508,090
62%
Arlington Virginia 238,643 Texas 394,266
43%
Aurora Illinois 180,542 Colorado 386,261
41%
Peoria Illinois 113,150 Arizona 190,985
38%
Pasadena California 138,699 Texas 151,950
35%
Concord North Carolina 105,240 California 125,410
32%
Richmond California 116,448 Virginia 226,610
32%
Glendale California 196,543 Arizona 248,325
30%
Fayetteville Arkansas 93,949 North Carolina 208,501
27%
Lakewood California 82,496 Colorado 155,984
27%
Rochester Minnesota 121,395 New York 211,328
27%
Norwalk Connecticut 91,184 California 102,773
11%
Lawrence Massachusetts 89,143 Kansas 94,934
8%
Westminster California 90,911 Colorado 116,317
5%
Bloomington Indiana 79,168 Minnesota 89,987
3%
No matching quizzes found
Score Distribution
Percent of People with Each Score
Percentile by Number Answered
Your Score History
You have not taken this quiz